| 000 | 00787nam a2200265Ia 4500 | ||
|---|---|---|---|
| 003 | OSt | ||
| 005 | 20220928112549.0 | ||
| 006 | a|||||r|||| 00| 0 | ||
| 007 | ta | ||
| 008 | 220927b |||||||| |||| 00| 0 eng d | ||
| 020 |
_a9781839761843 _cUKP 30.00 |
||
| 024 | _a145640 | ||
| 037 |
_b1876, 14/12/2021, Bright Book Service _cTextual |
||
| 040 |
_aSDCL _cSDCL _beng |
||
| 041 |
_2eng _aeng |
||
| 082 | _aR3xL24, R1 | ||
| 100 |
_aLukacs Georg _9368486 |
||
| 245 | 0 | _aDestruction of reason | |
| 260 |
_aLondon _bVerso _c2021 |
||
| 300 |
_alix,865p. _ccm. |
||
| 650 | _aPhilosophy | ||
| 700 |
_a Palmer Peter Ed. _9428801 |
||
| 942 |
_hR3xL24, R1 _cTEXL _2CC |
||
| 999 |
_c745304 _d745304 |
||